[Event "SC Steinfurt 1 - SC Klein-Berlin Rheine"]
[Site "Regionalliga Münsterland 2018"]
[Date "2018.11.10"]
[Round "3.1"]
[White "Bruemmer, Frank"]
[Black "Haselhorst, Helmut"]
[Result "1-0"]
[WhiteElo "2160"]
[BlackElo "2063"]
[PlyCount "91"]
[EventDate "2018.??.??"]
[SourceDate "2018.09.09"]

1. d4 Nf6 2. c4 e6 3. Nc3 d5 4. cxd5 exd5 5. Bg5 Nbd7 6. e3 c6 7. Bd3 Be7 8.
Qc2 O-O 9. Nge2 Re8 10. O-O-O Nf8 11. Kb1 Bg4 12. f3 Bh5 13. g4 Bg6 14. Ng3 Ne6
15. Bxf6 Bxf6 16. f4 Bxd3 17. Qxd3 c5 18. g5 c4 19. Qf5 Be7 20. Nxd5 Bf8 21.
Nh5 Be7 22. Rhg1 Kh8 23. Nhf6 Bxf6 24. gxf6 g6 25. Qe5 Nxf4 26. Ne7 Nd3 27. Qg5
Qb6 28. Rg2 Rad8 29. Rf1 Rd6 30. Rf3 Qb4 31. Re2 Qa4 32. Rd2 Rb6 33. Rf1 c3 34.
Rc2 Nb4 35. b3 Nxc2 36. Nxg6+ fxg6 37. f7 Rxb3+ 38. axb3 Qa1+ 39. Kxc2 Qb2+ 40.
Kd3 Qd2+ 41. Kc4 Rc8+ 42. Kd5 Kg7 43. Qf6+ Kh6 44. f8=Q+ Rxf8 45. Qxf8+ Kh5 46.
Qf3+ 1-0

[Event "SC Steinfurt 1 - SC Klein-Berlin Rheine"]
[Site "Regionalliga Münsterland 2018"]
[Date "2018.11.10"]
[Round "3.3"]
[White "Averkamp Peters, Jens"]
[Black "Graelken, Matthias"]
[Result "1-0"]
[WhiteElo "1922"]
[BlackElo "2023"]
[PlyCount "67"]
[EventDate "2018.??.??"]
[SourceDate "2018.09.09"]

1. e4 g6 2. d4 Bg7 3. Nc3 d6 4. Bg5 a6 5. Bc4 b5 6. Bd5 c6 7. Bb3 Nd7 8. a4 b4
9. Qf3 Ngf6 10. Nce2 O-O 11. Rd1 Rb8 12. h4 d5 13. e5 Ne4 14. Bf4 e6 15. Qh3 f6
16. h5 Kf7 17. f3 fxe5 18. fxe4 exf4 19. e5 g5 20. h6 Bh8 21. Qh5+ Kg8 22. Nf3
Rf5 23. g4 Rf8 24. Nxg5 Qe7 25. Rf1 f3 26. Rxf3 Rxf3 27. Nxf3 Bb7 28. g5 Qf7
29. Qg4 Rf8 30. Nh4 c5 31. g6 hxg6 32. Nxg6 Qf2+ 33. Kd2 Rf3 34. Nh4+ 1-0

[Event "SC Steinfurt 1 - SC Klein-Berlin Rheine"]
[Site "Regionalliga Münsterland 2018"]
[Date "2018.11.10"]
[Round "3.4"]
[White "Arning, Marcus"]
[Black "Kornick, Ulrich"]
[Result "1/2-1/2"]
[WhiteElo "1910"]
[BlackElo "1939"]
[PlyCount "124"]
[EventDate "2018.??.??"]
[SourceDate "2018.09.09"]

1. Nf3 d5 2. e3 c5 3. d4 Nc6 4. Bb5 Bg4 5. Nbd2 Bxf3 6. Qxf3 e6 7. c4 cxd4 8.
exd4 Be7 9. O-O Nf6 10. b3 a6 11. Bxc6+ bxc6 12. Bb2 O-O 13. Rac1 a5 14. a3 Qb6
15. Qg3 Rab8 16. c5 Qa7 17. f4 Qc7 18. Rce1 Nd7 19. Qh3 Bf6 20. Ba1 Rfc8 21. g4
Nf8 22. g5 Bd8 23. Qg4 f5 24. Qg3 Qf7 25. Re3 Bc7 26. Nf3 Ng6 27. Nh4 Nf8 28.
Kh1 Rb7 29. Rg1 g6 30. Nf3 Rcb8 31. Nd2 Qg7 32. Rge1 Kf7 33. Kg2 h6 34. gxh6
Qxh6 35. Rf1 Kf6 36. h4 Bd8 37. Qg5+ Kg7 38. Qxh6+ Kxh6 39. Kh3 Bf6 40. Bc3 Rh7
41. Rh1 Kg7 42. Kg3 Kf7 43. Ree1 Nd7 44. b4 axb4 45. axb4 Ra8 46. Ra1 Rhh8 47.
Rxa8 Rxa8 48. Ra1 Rxa1 49. Bxa1 Nb8 50. Bc3 Na6 51. Nf3 Nc7 52. Kf2 Nb5 53. Bb2
Kg7 54. Ke3 Kh6 55. Kd3 Kh5 56. Bc1 Kg4 57. Ke3 Nc7 58. Bd2 Bg7 59. Be1 Bf6 60.
Bf2 Nb5 61. Bg1 Kg3 62. Bf2+ Kg4 1/2-1/2

[Event "SC Steinfurt 1 - SC Klein-Berlin Rheine"]
[Site "Regionalliga Münsterland 2018"]
[Date "2018.11.10"]
[Round "3.5"]
[White "Langhans, Joerg"]
[Black "Janning, Rainer"]
[Result "1/2-1/2"]
[WhiteElo "1955"]
[BlackElo "1876"]
[PlyCount "97"]
[EventDate "2018.??.??"]
[SourceDate "2018.09.09"]

1. e4 c6 2. d4 d5 3. exd5 cxd5 4. Bd3 Nc6 5. c3 Nf6 6. Bf4 Bg4 7. Qb3 Qd7 8.
Nd2 e6 9. Ngf3 Bxf3 10. Nxf3 Bd6 11. Bxd6 Qxd6 12. O-O Rb8 13. Rfe1 O-O 14. Ne5
Nd7 15. f4 Ne7 16. Qc2 h6 17. Re3 b5 18. a3 a5 19. Rg3 Nf6 20. Rf1 b4 21. axb4
axb4 22. Qe2 bxc3 23. bxc3 Rb7 24. Ng4 Nxg4 25. Qxg4 g6 26. h4 Kh7 27. h5 Rg8
28. hxg6+ fxg6 29. Re1 Nf5 30. Rh3 Kg7 31. Qe2 Rb6 32. Bxf5 exf5 33. Qe7+ Qxe7
34. Rxe7+ Kf6 35. Re5 Rc8 36. Rxd5 Rbc6 37. Rxh6 Kg7 38. Rh3 Rxc3 39. Rd7+ Kg8
40. Rh6 R3c6 41. d5 Rf6 42. Kh2 Rc3 43. Rh3 Rc4 44. d6 Re4 45. Rc3 Rf7 46. Rc8+
Kg7 47. Rdd8 Kf6 48. Rc7 Rxf4 49. Kg3 1/2-1/2

[Event "SC Steinfurt 1 - SC Klein-Berlin Rheine"]
[Site "Regionalliga Münsterland 2018"]
[Date "2018.11.10"]
[Round "3.6"]
[White "Schulz, Joachim"]
[Black "Langhanke, Guenther"]
[Result "1/2-1/2"]
[WhiteElo "1886"]
[BlackElo "1932"]
[PlyCount "50"]
[EventDate "2018.??.??"]
[SourceDate "2018.09.09"]

1. Nf3 d5 2. c4 e6 3. g3 Nf6 4. b3 d4 5. Bb2 c5 6. Bg2 Nc6 7. O-O Be7 8. d3 O-O
9. Na3 e5 10. Nc2 Qc7 11. e3 Re8 12. exd4 exd4 13. Qd2 Rb8 14. b4 b6 15. Rfe1
Bb7 16. Rab1 Bd6 17. Ba3 Ne7 18. bxc5 bxc5 19. Rb3 Bc6 20. Rxb8 Rxb8 21. Ncxd4
cxd4 22. c5 Bxc5 23. Bxc5 Bxf3 24. Bxe7 Bxg2 25. Bxf6 gxf6 1/2-1/2

[Event "SC Steinfurt 1 - SC Klein-Berlin Rheine"]
[Site "Regionalliga Münsterland 2018"]
[Date "2018.11.10"]
[Round "3.7"]
[White "Bruemmer, Andreas"]
[Black "Wild, Helmut"]
[Result "1/2-1/2"]
[WhiteElo "1906"]
[BlackElo "1764"]
[PlyCount "82"]
[EventDate "2018.??.??"]
[SourceDate "2018.09.09"]

1. c4 c6 2. Nf3 d5 3. e3 Nf6 4. b3 Bf5 5. Bb2 h6 6. Nc3 e6 7. d4 Be7 8. Be2 O-O
9. O-O Nbd7 10. Rc1 Ne4 11. Nxe4 Bxe4 12. a3 a5 13. Re1 Nf6 14. Ne5 Bh7 15. c5
Nd7 16. b4 Nxe5 17. dxe5 axb4 18. axb4 b5 19. Qb3 Qc7 20. Ra1 Qb7 21. f4 Be4
22. Kf2 Rxa1 23. Rxa1 Ra8 24. Ra3 Bd8 25. Qa2 Rxa3 26. Qxa3 Bc7 27. Bd4 Bb8 28.
Qa5 Bc7 29. Qa2 Bb8 30. g3 g6 31. h3 Kf8 32. g4 Ke7 33. h4 Qa7 34. Qxa7+ Bxa7
35. Kg3 Bc2 36. h5 gxh5 37. gxh5 Ke8 38. Bg4 Bb8 39. Be2 Ba7 40. Bc3 Bb8 41.
Bf3 Bc7 1/2-1/2

[Event "SC Steinfurt 1 - SC Klein-Berlin Rheine"]
[Site "Regionalliga Münsterland 2018"]
[Date "2018.11.10"]
[Round "3.8"]
[White "Just, Evgeny"]
[Black "Hemmert, Michael"]
[Result "1-0"]
[WhiteElo "1887"]
[BlackElo "1787"]
[PlyCount "97"]
[EventDate "2018.??.??"]
[SourceDate "2018.09.09"]

1. e4 g6 2. Nc3 Bg7 3. g3 d6 4. Bg2 c5 5. d3 Nc6 6. f4 e6 7. Nf3 Nge7 8. O-O
O-O 9. Be3 f5 10. Qd2 Nd4 11. Rae1 Nec6 12. Nd1 a5 13. c3 Nxf3+ 14. Bxf3 fxe4
15. dxe4 Qe7 16. Nf2 e5 17. Rd1 Rd8 18. f5 gxf5 19. exf5 Bxf5 20. Bg5 Bf6 21.
Bxf6 Qxf6 22. Bxc6 bxc6 23. Ng4 Qe6 24. Rxf5 Kh8 25. Qg5 Rg8 26. Qf6+ Qxf6 27.
Nxf6 Rgd8 28. Ne4 d5 29. Nxc5 e4 30. Rf6 Rac8 31. Kf2 Rb8 32. Rd2 Rf8 33. Rxf8+
Rxf8+ 34. Ke3 Rf3+ 35. Kd4 Kg8 36. Ne6 Rf6 37. Nd8 Kf8 38. a4 Ke7 39. Nb7 Rf5
40. Nxa5 c5+ 41. Ke3 Ke6 42. Rf2 d4+ 43. Ke2 Rd5 44. Nc4 e3 45. Rf4 Rd8 46.
cxd4 cxd4 47. Kd3 h5 48. b4 Rd5 49. b5 1-0

[Event "SK Münster 3 - SF Olfen 1"]
[Site "Regionalliga Münsterland 2018"]
[Date "2018.11.10"]
[Round "3.1"]
[White "Koke, Christoph"]
[Black "Quante, Lennart"]
[Result "0-1"]
[WhiteElo "2078"]
[BlackElo "2074"]
[PlyCount "42"]
[EventDate "2018.??.??"]
[SourceDate "2018.09.09"]

1. d4 Nf6 2. c4 g6 3. Nc3 d5 4. Bg5 Bg7 5. e3 Be6 6. Nge2 dxc4 7. Nf4 Bf5 8.
Bxc4 O-O 9. O-O Nbd7 10. Nfe2 c5 11. Bb3 Qa5 12. d5 Ne5 13. f3 c4 14. Bc2 Bxc2
15. Qxc2 Nxd5 16. Nxd5 Qxd5 17. Bxe7 Rfe8 18. Ba3 Nd3 19. e4 Qc6 20. Kh1 b5 21.
Rad1 Qb6 0-1

[Event "SK Münster 3 - SF Olfen 1"]
[Site "Regionalliga Münsterland 2018"]
[Date "2018.11.10"]
[Round "3.2"]
[White "Borrink, Joern"]
[Black "Boesel, Alexander"]
[Result "1/2-1/2"]
[WhiteElo "2119"]
[BlackElo "2040"]
[PlyCount "82"]
[EventDate "2018.??.??"]
[SourceDate "2018.09.09"]

1. e4 c5 2. Nc3 a6 3. a4 e6 4. g3 d5 5. Bg2 d4 6. Nce2 e5 7. d3 Be6 8. f4 f6 9.
Nf3 Nc6 10. O-O Be7 11. h4 Nh6 12. f5 Bg8 13. Bxh6 gxh6 14. Qd2 Bf8 15. Nh2 Qd7
16. Bf3 O-O-O 17. b3 Qg7 18. Kh1 Bf7 19. g4 Rg8 20. Rf2 Be8 21. Rg1 Nb4 22.
Rfg2 Qe7 23. Rf1 b5 24. axb5 axb5 25. g5 hxg5 26. hxg5 Rxg5 27. Rxg5 Bh6 28.
Bg4 Kb8 29. Nf3 fxg5 30. Ng3 Qf6 31. Qh2 Bg7 32. Rf2 Nc6 33. Kg1 Bf7 34. Bh5 h6
35. Bxf7 Qxf7 36. f6 Bxf6 37. Nxe5 Nxe5 38. Nh5 Rd6 39. Nxf6 Qe6 40. Qxh6 Ng4
41. Qh8+ Kb7 1/2-1/2

[Event "SK Münster 3 - SF Olfen 1"]
[Site "Regionalliga Münsterland 2018"]
[Date "2018.11.10"]
[Round "3.3"]
[White "Beutelhoff, Josef"]
[Black "Virnyi, Julius"]
[Result "1/2-1/2"]
[WhiteElo "1961"]
[BlackElo "2039"]
[PlyCount "49"]
[EventDate "2018.??.??"]
[SourceDate "2018.09.09"]

1. c4 e6 2. Nc3 Bb4 3. d4 Nf6 4. Qc2 Nc6 5. Nf3 d6 6. a3 Bxc3+ 7. Qxc3 a5 8. b3
Qe7 9. Bb2 O-O 10. e3 Re8 11. Bd3 e5 12. d5 Nb8 13. Nd2 c6 14. e4 Bd7 15. Be2
cxd5 16. cxd5 Rc8 17. Qe3 b5 18. O-O Na6 19. Rac1 Nc5 20. b4 axb4 21. axb4 Na4
22. Ba1 Rxc1 23. Rxc1 Qd8 24. f4 Rc8 25. Rf1 1/2-1/2

[Event "SK Münster 3 - SF Olfen 1"]
[Site "Regionalliga Münsterland 2018"]
[Date "2018.11.10"]
[Round "3.4"]
[White "Kubo, Thomas"]
[Black "Stroessner, Lena"]
[Result "1/2-1/2"]
[WhiteElo "1990"]
[BlackElo "1949"]
[PlyCount "47"]
[EventDate "2018.??.??"]
[SourceDate "2018.09.09"]

1. Nf3 e6 2. c4 d5 3. d4 c6 4. Qc2 Nf6 5. g3 Be7 6. Bg2 O-O 7. Nbd2 b6 8. O-O
Bb7 9. e4 dxe4 10. Nxe4 Nbd7 11. Rd1 Nxe4 12. Qxe4 Nf6 13. Qc2 Qc8 14. c5 Rd8
15. a3 bxc5 16. Bg5 cxd4 17. Nxd4 c5 18. Bxb7 Qxb7 19. Nb3 Rab8 20. Rxd8+ Bxd8
21. Rd1 h6 22. Nxc5 Qc6 23. Bf4 Rc8 24. b4 1/2-1/2

[Event "SK Münster 3 - SF Olfen 1"]
[Site "Regionalliga Münsterland 2018"]
[Date "2018.11.10"]
[Round "3.5"]
[White "Pinno, Gregor"]
[Black "Hartmann, Steffen"]
[Result "1-0"]
[WhiteElo "1813"]
[BlackElo "1923"]
[PlyCount "113"]
[EventDate "2018.??.??"]
[SourceDate "2018.09.09"]

1. Nf3 Nf6 2. g3 d6 3. Bg2 e5 4. d3 Be7 5. O-O O-O 6. e4 Nbd7 7. Nbd2 c6 8. Nc4
Re8 9. Ne3 Qc7 10. Nf5 Bf8 11. Qe2 Nc5 12. Bg5 Nfd7 13. h4 Ne6 14. Bd2 Nf6 15.
c3 Nc5 16. Bg5 Bxf5 17. exf5 e4 18. dxe4 Ncxe4 19. Qc2 h6 20. Bf4 Nd5 21. Bc1
Qb6 22. Nd4 Ndf6 23. Be3 Nxg3 24. Ne6 c5 25. fxg3 fxe6 26. fxe6 Rxe6 27. Bxh6
gxh6 28. Qg6+ Bg7 29. Bd5 c4+ 30. Kh1 Kh8 31. Bxe6 Qc6+ 32. Kh2 Rf8 33. Rae1
Qb5 34. Bf5 Re8 35. Rxe8+ Qxe8 36. Qxe8+ Nxe8 37. Be6 Nf6 38. Bxc4 Ng4+ 39. Kh3
Ne3 40. Rf4 Be5 41. Rf8+ Kg7 42. Rg8+ Kh7 43. Rc8 Kg7 44. Be2 Nf5 45. g4 Ne7
46. Rc7 Kf6 47. g5+ hxg5 48. hxg5+ Ke6 49. Bg4+ Kf7 50. Rxb7 a5 51. Ra7 a4 52.
Rxa4 Kg6 53. Ra7 Nd5 54. Bf3 Ne3 55. a4 Kxg5 56. a5 Nc4 57. a6 1-0

[Event "SK Münster 3 - SF Olfen 1"]
[Site "Regionalliga Münsterland 2018"]
[Date "2018.11.10"]
[Round "3.6"]
[White "Kamp, Adrian"]
[Black "Preuss, Richard"]
[Result "1-0"]
[WhiteElo "1860"]
[BlackElo "1764"]
[PlyCount "41"]
[EventDate "2018.??.??"]
[SourceDate "2018.09.09"]

1. e4 e6 2. d4 d5 3. e5 c5 4. c3 Nc6 5. Nf3 Bd7 6. Bd3 Qb6 7. dxc5 Bxc5 8. O-O
Rc8 9. b4 Be7 10. Qe2 a6 11. Nbd2 Na7 12. c4 Nh6 13. a3 O-O 14. cxd5 exd5 15.
Nb3 Nf5 16. Bxf5 Bxf5 17. Nfd4 Bg6 18. Be3 Nc6 19. Ne6 d4 20. Nxf8 dxe3 21.
Nxg6 1-0

[Event "SK Münster 3 - SF Olfen 1"]
[Site "Regionalliga Münsterland 2018"]
[Date "2018.11.10"]
[Round "3.7"]
[White "Boenigk, Winfried"]
[Black "Toval, David"]
[Result "0-1"]
[WhiteElo "1765"]
[BlackElo "1890"]
[PlyCount "90"]
[EventDate "2018.??.??"]
[SourceDate "2018.09.09"]

1. d4 Nf6 2. c4 g6 3. Nc3 Bg7 4. e4 d6 5. f3 O-O 6. Be3 e5 7. d5 a5 8. Bd3 Na6
9. Qd2 Nd7 10. h4 f5 11. exf5 gxf5 12. O-O-O Nb4 13. Be2 Nc5 14. Bxc5 dxc5 15.
a3 Rf6 16. g4 fxg4 17. fxg4 Bxg4 18. Ne4 Bh6 19. Ng5 Bf5 20. axb4 axb4 21. Bd3
e4 22. Bb1 e3 23. Qxe3 Ra1 24. Kd2 Rxb1 25. Rxb1 Bxb1 26. N1h3 Bf5 27. Nf4 Qf8
28. Rg1 Kh8 29. Qe5 Bg7 30. Nh5 Rg6 31. Nxg7 Qxg7 32. Nf7+ Kg8 33. Qe8+ Qf8 34.
Nh6+ Kg7 35. Qxf8+ Kxf8 36. Rxg6 Bxg6 37. Ke3 Ke7 38. Ng4 b5 39. cxb5 Be8 40.
Ke4 Bxb5 41. Ke5 Be2 42. Ne3 Bd3 43. Nd1 c4 44. Kd4 Be2 45. Ne3 c3 0-1

[Event "SK Münster 3 - SF Olfen 1"]
[Site "Regionalliga Münsterland 2018"]
[Date "2018.11.10"]
[Round "3.8"]
[White "Schroeder, Lennart"]
[Black "Limberg, Johannes"]
[Result "1-0"]
[WhiteElo "1838"]
[BlackElo "1615"]
[PlyCount "25"]
[EventDate "2018.??.??"]
[SourceDate "2018.09.09"]

1. d4 Nf6 2. c4 d5 3. Nf3 Bg4 4. Ne5 Bf5 5. Nc3 e6 6. Qb3 b6 7. Bg5 Be7 8. Bxf6
Bxf6 9. cxd5 exd5 10. Qxd5 Qxd5 11. Nxd5 Bxe5 12. dxe5 Kd7 13. Rd1 1-0

[Event "SG Ahaus-Wessum 1 - SC Gronau 1"]
[Site "Regionalliga Münsterland 2018"]
[Date "2018.11.10"]
[Round "3.1"]
[White "Buendgen, Achim"]
[Black "Wensing, Maximilian"]
[Result "1/2-1/2"]
[WhiteElo "2114"]
[BlackElo "1979"]
[PlyCount "59"]
[EventDate "2018.??.??"]
[SourceDate "2018.09.09"]

1. d4 Nf6 2. Bg5 g6 3. Bxf6 exf6 4. e3 b6 5. Ne2 Ba6 6. g3 Bb7 7. d5 Bg7 8. c4
Qe7 9. Nbc3 Qb4 10. Qb3 Na6 11. Qxb4 Nxb4 12. Kd2 f5 13. Bg2 a5 14. Nf4 O-O 15.
h4 Na6 16. Nd3 Nc5 17. Nxc5 bxc5 18. Rab1 Ba6 19. Nb5 Bxb5 20. cxb5 a4 21. Bf1
Rfe8 22. Bc4 Re4 23. Kd3 d6 24. Rhc1 h5 25. Rc2 Bf6 26. Rg1 Rae8 27. Re2 R4e7
28. Rh1 Kg7 29. Rd2 Re4 30. Rc2 1/2-1/2

[Event "SG Ahaus-Wessum 1 - SC Gronau 1"]
[Site "Regionalliga Münsterland 2018"]
[Date "2018.11.10"]
[Round "3.2"]
[White "Schulze Ameling, Hendrik"]
[Black "Monsma, Menno"]
[Result "0-1"]
[WhiteElo "1983"]
[BlackElo "2096"]
[PlyCount "80"]
[EventDate "2018.??.??"]
[SourceDate "2018.09.09"]

1. d4 Nf6 2. c4 e6 3. Nc3 Bb4 4. e3 b6 5. Bd3 Bb7 6. Nge2 Bxg2 7. Rg1 Bf3 8.
Rg3 Bxc3+ 9. bxc3 Be4 10. Ba3 d6 11. f3 Bg6 12. Nf4 Nbd7 13. Qc2 Qe7 14. O-O-O
c5 15. Rh3 Bxd3 16. Nxd3 e5 17. Qg2 O-O 18. Rg3 g6 19. h4 Kh8 20. h5 Nxh5 21.
Rh3 f5 22. Kb1 Rae8 23. Bc1 e4 24. fxe4 fxe4 25. Nf4 Nxf4 26. exf4 Qe6 27. Rdh1
Rf7 28. Qh2 Nf6 29. f5 Qxf5 30. Qxd6 e3+ 31. Ka1 e2 32. Bd2 e1=Q+ 33. Bxe1
Rxe1+ 34. Rxe1 Qxh3 35. Kb2 Qg2+ 36. Kb3 Qb7 37. d5 Kg7 38. a4 a6 39. Re6 b5
40. axb5 axb5 0-1

[Event "SG Ahaus-Wessum 1 - SC Gronau 1"]
[Site "Regionalliga Münsterland 2018"]
[Date "2018.11.10"]
[Round "3.3"]
[White "Luetkehermoelle, Martin"]
[Black "Rosing, Hermann"]
[Result "1/2-1/2"]
[WhiteElo "1968"]
[BlackElo "1991"]
[PlyCount "39"]
[EventDate "2018.??.??"]
[SourceDate "2018.09.09"]

1. e4 e5 2. Nf3 Nc6 3. Bb5 f5 4. Nc3 fxe4 5. Nxe4 Nf6 6. Nxf6+ Qxf6 7. Qe2 Be7
8. Bxc6 dxc6 9. Nxe5 O-O 10. O-O Bd6 11. f4 Bxe5 12. fxe5 Qxf1+ 13. Qxf1 Rxf1+
14. Kxf1 Bf5 15. d3 Kf7 16. Bd2 Ke6 17. Bc3 c5 18. a4 c4 19. Ke2 Rd8 20. d4
1/2-1/2

[Event "SG Ahaus-Wessum 1 - SC Gronau 1"]
[Site "Regionalliga Münsterland 2018"]
[Date "2018.11.10"]
[Round "3.4"]
[White "Diehlmann, Christian"]
[Black "Storck, Martin"]
[Result "1/2-1/2"]
[WhiteElo "1929"]
[BlackElo "1957"]
[PlyCount "37"]
[EventDate "2018.??.??"]
[SourceDate "2018.09.09"]

1. d4 d5 2. Nf3 Nf6 3. c4 c6 4. e3 Bf5 5. Nc3 e6 6. cxd5 exd5 7. Be2 Bd6 8. O-O
O-O 9. Ne5 Ne4 10. Nxe4 Bxe4 11. Bg4 Qe7 12. f3 Bg6 13. f4 Be4 14. Bf3 Nd7 15.
Bxe4 dxe4 16. Qc2 Nb6 17. b3 Nd5 18. Nc4 f5 19. g4 1/2-1/2

[Event "SG Ahaus-Wessum 1 - SC Gronau 1"]
[Site "Regionalliga Münsterland 2018"]
[Date "2018.11.10"]
[Round "3.5"]
[White "Langendijk, Andre"]
[Black "Bauland, Thomas"]
[Result "1-0"]
[WhiteElo "1929"]
[BlackElo "1856"]
[PlyCount "53"]
[EventDate "2018.??.??"]
[SourceDate "2018.09.09"]

1. d4 d5 2. Bg5 h6 3. Bh4 c6 4. c3 Qb6 5. Qb3 Bf5 6. Nd2 e6 7. Ngf3 Be7 8. e3
Nd7 9. Be2 Ngf6 10. O-O Qxb3 11. axb3 a6 12. b4 g5 13. Bg3 Ne4 14. Nxe4 Bxe4
15. Nd2 Bf5 16. f3 h5 17. e4 Bg6 18. b5 cxb5 19. exd5 exd5 20. Bxb5 O-O-O 21.
Rxa6 Nb8 22. Ra8 Bd6 23. Re1 Kc7 24. Re7+ Kb6 25. Bxd6 Rxd6 26. c4 Re6 27. c5+
1-0

[Event "SG Ahaus-Wessum 1 - SC Gronau 1"]
[Site "Regionalliga Münsterland 2018"]
[Date "2018.11.10"]
[Round "3.6"]
[White "Woltering, Martin"]
[Black "Hoge, Torsten"]
[Result "1-0"]
[WhiteElo "1818"]
[BlackElo "1922"]
[PlyCount "60"]
[EventDate "2018.??.??"]
[SourceDate "2018.09.09"]

1. e4 e6 2. d4 d5 3. e5 c5 4. c3 Qb6 5. Nf3 Nc6 6. Bd3 cxd4 7. cxd4 Bd7 8. O-O
Nxd4 9. Nxd4 Qxd4 10. Nc3 a6 11. Qe2 Rc8 12. Kh1 Bc5 13. f4 Nh6 14. Bd2 Ng4 15.
Nd1 h5 16. h3 Ba7 17. g3 Qxd3 18. Qxd3 Bb5 19. Qf3 Rc2 20. Be3 d4 21. Rc1 Rxc1
22. Bxc1 Bc6 23. Qxc6+ bxc6 24. hxg4 h4 25. Kg2 h3+ 26. Kh2 c5 27. Rf3 Bb6 28.
Ra3 a5 29. Rb3 Bc7 30. Rb5 c4 1-0

[Event "SG Ahaus-Wessum 1 - SC Gronau 1"]
[Site "Regionalliga Münsterland 2018"]
[Date "2018.11.10"]
[Round "3.7"]
[White "Reckzuegel, Philipp"]
[Black "Ter Horst, Carsten"]
[Result "0-1"]
[WhiteElo "1941"]
[BlackElo "1883"]
[PlyCount "70"]
[EventDate "2018.??.??"]
[SourceDate "2018.09.09"]

1. d4 d5 2. c4 dxc4 3. e3 Nf6 4. Bxc4 e6 5. Nf3 c5 6. O-O a6 7. a4 Nc6 8. Nc3
Be7 9. dxc5 Qc7 10. Qe2 Bxc5 11. Rd1 b6 12. h3 O-O 13. e4 Nd7 14. Be3 Nce5 15.
Nxe5 Nxe5 16. Ba2 Bb7 17. Rac1 Qe7 18. Bxc5 bxc5 19. Qe3 Rfd8 20. f4 Nc6 21. e5
Rd4 22. Ne4 Nb4 23. Nxc5 Rxd1+ 24. Rxd1 Bd5 25. Bxd5 Nxd5 26. Qf2 Nxf4 27. Rd7
Qf8 28. Ne4 Ng6 29. Qd4 Qc8 30. Rxf7 Qc1+ 31. Rf1 Qc7 32. Nd6 Rd8 33. Qg4 Qc5+
34. Kh1 Qd5 35. Qg5 Rxd6 0-1

[Event "SG Ahaus-Wessum 1 - SC Gronau 1"]
[Site "Regionalliga Münsterland 2018"]
[Date "2018.11.10"]
[Round "3.8"]
[White "Resing, Marvin"]
[Black "Kloenne, Tim"]
[Result "1-0"]
[WhiteElo "1722"]
[BlackElo "1826"]
[PlyCount "31"]
[EventDate "2018.??.??"]
[SourceDate "2018.09.09"]

1. e4 c6 2. d4 d5 3. Nc3 dxe4 4. Nxe4 Nd7 5. Nf3 Ngf6 6. Ng3 e6 7. Bf4 c5 8.
dxc5 Bxc5 9. Bd3 Qb6 10. O-O Qxb2 11. Nd2 Qb4 12. Nc4 O-O 13. a4 Be7 14. Bc1
Nd5 15. Ba3 Qc3 16. Ne4 1-0

[Event "SC Rochade Emsdetten 1 - SK Münster 2"]
[Site "Regionalliga Münsterland 2018"]
[Date "2018.11.10"]
[Round "3.1"]
[White "Wieder, Heiner"]
[Black "Kabatianski, Alexander"]
[Result "0-1"]
[WhiteElo "2089"]
[BlackElo "2319"]
[PlyCount "26"]
[EventDate "2018.??.??"]
[SourceDate "2018.09.09"]

1. e4 c5 2. Nf3 Nc6 3. d4 cxd4 4. Nxd4 Nf6 5. Nc3 d6 6. Bg5 e6 7. Qd2 h6 8. Bh4
Nxe4 9. Nxe4 Qxh4 10. Nxd6+ Bxd6 11. Nxc6 Qe4+ 12. Be2 Qxc6 13. O-O-O Be7 0-1

[Event "SC Rochade Emsdetten 1 - SK Münster 2"]
[Site "Regionalliga Münsterland 2018"]
[Date "2018.11.10"]
[Round "3.2"]
[White "Lehmann, Holger"]
[Black "Korth, Daniel"]
[Result "0-1"]
[WhiteElo "2132"]
[BlackElo "2135"]
[PlyCount "84"]
[EventDate "2018.??.??"]
[SourceDate "2018.09.09"]

1. c4 c6 2. d4 d5 3. Nf3 Nf6 4. Nc3 dxc4 5. a4 Bf5 6. e3 e6 7. Bxc4 Bb4 8. O-O
O-O 9. Qb3 Qe7 10. h3 h6 11. Bd2 c5 12. dxc5 Bxc5 13. Rfd1 Nc6 14. a5 Rfd8 15.
Na4 Bd6 16. Be1 Rac8 17. Bf1 e5 18. Rac1 e4 19. Nd4 Nxd4 20. exd4 Rxc1 21. Rxc1
Be6 22. Qe3 Bb8 23. Nc5 Bd5 24. Bc4 Bxc4 25. Rxc4 b6 26. Na6 Nd5 27. Qb3 Bd6
28. axb6 axb6 29. g3 e3 30. Rc2 Qe4 31. Rc1 Qf3 32. Qd1 Qf5 33. Qg4 Qd3 34. Rc8
Rxc8 35. Qxc8+ Kh7 36. Qd7 exf2+ 37. Bxf2 Ne3 38. Bxe3 Qxe3+ 39. Kf1 Qf3+ 40.
Ke1 Bxg3+ 41. Kd2 Bf4+ 42. Ke1 Be3 0-1

[Event "SC Rochade Emsdetten 1 - SK Münster 2"]
[Site "Regionalliga Münsterland 2018"]
[Date "2018.11.10"]
[Round "3.3"]
[White "Baumann, Stephan"]
[Black "Ortmeier, Leonhard"]
[Result "1/2-1/2"]
[WhiteElo "2034"]
[BlackElo "2096"]
[PlyCount "65"]
[EventDate "2018.??.??"]
[SourceDate "2018.09.09"]

1. e4 c5 2. Nc3 a6 3. f4 b5 4. d3 e6 5. g3 Bb7 6. Bg2 d5 7. f5 d4 8. fxe6 dxc3
9. exf7+ Kxf7 10. bxc3 Nf6 11. Nf3 Be7 12. Ng5+ Kg8 13. O-O h6 14. Ne6 Qb6 15.
Nf4 Kh7 16. Qe2 Re8 17. e5 Bd6 18. d4 Bxg2 19. Qxg2 cxd4 20. exf6 dxc3+ 21. Kh1
Qc6 22. Nd5 Ra7 23. fxg7 Kxg7 24. Be3 Rd7 25. Rf5 Be5 26. Rd1 Qe6 27. Rxe5 Qxe5
28. Bd4 Qxd4 29. Rxd4 Re1+ 30. Qg1 Rxg1+ 31. Kxg1 Nc6 32. Rg4+ Kf7 33. Nxc3
1/2-1/2

[Event "SC Rochade Emsdetten 1 - SK Münster 2"]
[Site "Regionalliga Münsterland 2018"]
[Date "2018.11.10"]
[Round "3.4"]
[White "Mueller, Achim"]
[Black "Mueschenich, Stefan"]
[Result "1/2-1/2"]
[WhiteElo "2026"]
[BlackElo "2077"]
[PlyCount "33"]
[EventDate "2018.??.??"]
[SourceDate "2018.09.09"]

1. e4 Nf6 2. e5 Nd5 3. d4 d6 4. Nf3 Bg4 5. Bc4 e6 6. O-O dxe5 7. dxe5 c6 8.
Nbd2 Nd7 9. Re1 Qc7 10. h3 Bh5 11. Qe2 Be7 12. Bxd5 cxd5 13. c4 dxc4 14. Qxc4
Qxc4 15. Nxc4 Bxf3 16. gxf3 Rc8 17. h4 1/2-1/2

[Event "SC Rochade Emsdetten 1 - SK Münster 2"]
[Site "Regionalliga Münsterland 2018"]
[Date "2018.11.10"]
[Round "3.5"]
[White "Seegers, Hendrik"]
[Black "Hiller, Simon"]
[Result "1/2-1/2"]
[WhiteElo "2062"]
[BlackElo "2139"]
[PlyCount "55"]
[EventDate "2018.??.??"]
[SourceDate "2018.09.09"]

1. d4 d5 2. Nf3 Nf6 3. Bf4 c5 4. e3 e6 5. Nbd2 Nc6 6. c3 Bd6 7. Bd3 Bxf4 8.
exf4 cxd4 9. Nxd4 Nxd4 10. cxd4 Qd6 11. g3 Bd7 12. O-O Qb6 13. Nb3 Bb5 14. Re1
Bxd3 15. Qxd3 O-O 16. f5 exf5 17. Qxf5 a5 18. Re2 Rae8 19. Rae1 Qb4 20. Rxe8
Nxe8 21. Qe5 Nf6 22. Qc7 Qa4 23. Qxb7 Qxa2 24. Nd2 Qa4 25. Nb3 Qc4 26. Nxa5
Qxd4 27. Nc6 Qd2 28. Qb4 1/2-1/2

[Event "SC Rochade Emsdetten 1 - SK Münster 2"]
[Site "Regionalliga Münsterland 2018"]
[Date "2018.11.10"]
[Round "3.6"]
[White "Lemli, Thomas"]
[Black "Wingenfeld, Klaus"]
[Result "1/2-1/2"]
[WhiteElo "1979"]
[BlackElo "1895"]
[PlyCount "34"]
[EventDate "2018.??.??"]
[SourceDate "2018.09.09"]

1. Nf3 Nf6 2. g3 g6 3. b3 Bg7 4. Bb2 d5 5. Bg2 c6 6. O-O O-O 7. c4 Nbd7 8. d4
Ne4 9. Nbd2 Ndf6 10. e3 Bg4 11. h3 Be6 12. Rc1 Rc8 13. Qe2 Qa5 14. a3 Rfe8 15.
Rfd1 Qa6 16. Kf1 b6 17. b4 Qb7 1/2-1/2